Filosofía realista de la educación argentina

Kaydedildi:
Detaylı Bibliyografya
Asıl Yazarlar: Pró, Diego F (Yazar), Silva, Juan C (Yazar)
Materyal Türü: Kitap
Dil:İspanyolca
Baskı/Yayın Bilgisi: Buenos Aires López 1950
Konular:
Etiketler: Etiketle
Etiket eklenmemiş, İlk siz ekleyin!

MARC

LEADER 00000nam a2200000 a 4500
001 UCN8302
003 CL-VaPUC
008 011109e19500000AG |||||||||||||||||spa|d
082 0 4 |a 370.1  |b PRO  |2 21 
100 0 |a Pró, Diego F  |e author  |9 333642 
700 0 |a Silva, Juan C  |e author  |9 464640 
245 1 0 |a Filosofía realista de la educación argentina 
300 |a 162 p 
942 |c BK 
945 |d 20011109 00:00:00  |a cmena 
260 |a Buenos Aires  |b López  |c 1950 
650 0 |a Filosofía de la educación   |9 258384 
650 0 |a Escuelas filosóficas   |9 266232 
650 0 |a Humanismo  |9 256530 
650 0 |a Ontología   |9 256850 
650 0 |a Educación moral  |9 308319 
650 7 |a CULTURA Y EDUCACION  |2 CL-VaPUC  |9 464641 
650 0 |a Estado y educación   |9 311264 
583 |a last modification  |c 20011109 00:00:00  |k Rodrigo Vera 
999 |c 298317  |d 298315 
952 |0 0  |1 0  |4 0  |6 370_100000000000000_PRO_1950  |7 0  |8 P  |9 353826  |a BIBEDU  |b BIBEDU  |c BIBEDU_PB  |d 2019-11-21  |i 3762300  |o 370.1 PRO 1950  |p 3762300  |r 2024-01-25  |w 2019-11-21  |y BK  |k FIL